Systematic job evaluation and comparable worth / (Record no. 18059)
[ view plain ]
| 000 -LEADER | |
|---|---|
| fixed length control field | 00840 am a2200265ua 4500 |
| 001 - CONTROL NUMBER | |
| control field | 010065794 |
| 005 - DATE AND TIME OF LATEST TRANSACTION | |
| control field | 20140302115905.0 |
| 008 - FIXED-LENGTH DATA ELEMENTS--GENERAL INFORMATION | |
| fixed length control field | 870805t1987 xxkad grb 001 0 eng d |
| 010 ## - LIBRARY OF CONGRESS CONTROL NUMBER | |
| LC control number | 86025702 |
| 020 ## - INTERNATIONAL STANDARD BOOK NUMBER | |
| International Standard Book Number | 0566051133 |
| 020 ## - INTERNATIONAL STANDARD BOOK NUMBER | |
| International Standard Book Number | 9780566051135 |
| 040 ## - CATALOGING SOURCE | |
| Original cataloging agency | Uk |
| Transcribing agency | Uk |
| 082 04 - DEWEY DECIMAL CLASSIFICATION NUMBER | |
| Classification number | 658.306 |
| Edition number | 22 |
| Item number | ELI |
| 100 1# - MAIN ENTRY--PERSONAL NAME | |
| Personal name | Elizur, Dov |
| 9 (RLIN) | 35148 |
| 245 10 - TITLE STATEMENT | |
| Title | Systematic job evaluation and comparable worth / |
| Statement of responsibility, etc | Dov Elizur. |
| 260 ## - PUBLICATION, DISTRIBUTION, ETC. (IMPRINT) | |
| Place of publication, distribution, etc | Aldershot, United Kingdom ; |
| -- | Brookfield, United States : |
| Name of publisher, distributor, etc | Gower, |
| Date of publication, distribution, etc | c.1987. |
| 300 ## - PHYSICAL DESCRIPTION | |
| Extent | xxiv, 290 p. : |
| Other physical details | chart, tables ; |
| Dimensions | 23 cm. |
| 500 ## - GENERAL NOTE | |
| General note | Index : p. 279-290. |
| 500 ## - GENERAL NOTE | |
| General note | Includes appendix. |
| 504 ## - BIBLIOGRAPHY, ETC. NOTE | |
| Bibliography, etc | Bibliography : p. 217-244. |
| 650 #0 - SUBJECT ADDED ENTRY--TOPICAL TERM | |
| Topical term or geographic name as entry element | Job evaluation |
| General subdivision | Handbooks, manuals, etc. |
| 9 (RLIN) | 35149 |
| 653 ## - INDEX TERM--UNCONTROLLED | |
| Resource For college | BAEPS, Business Administration |
| Arrived date list | February2014 |
| 655 ## - INDEX TERM--GENRE/FORM | |
| Form subdivision | |
| -- | 34232 |
| 942 ## - ADDED ENTRY ELEMENTS (KOHA) | |
| Source of classification or shelving scheme | Dewey Decimal Classification |
| Call number prefix | 658.306 ELI |
| Withdrawn status | Item status | Source of classification or shelving scheme | Damaged status | Not for loan | Vendor | Home library | Current library | Shelving location | Date acquired | Source of acquisition | Total Checkouts | Full call number | Barcode | Date last seen | Koha item type |
|---|---|---|---|---|---|---|---|---|---|---|---|---|---|---|---|
| Dewey Decimal Classification | Donation-Gift | Central Library | Central Library | First floor | 09/02/2014 | Donation | 658.306 ELI | 000035613 | 15/07/2025 | Book - Borrowing |